000 00539nam a22001937a 4500
003 OSt
005 20250708053522.0
008 250708b |||||||| |||| 00| 0 eng d
020 _a0809429373
040 _aDWCL - Main lib
_cOC
082 _aCirc. 641.8654 C771 1982
245 _aCookies and crackers/
260 _aVirginia :
_bTime-life Books,
_cc1982.
300 _a176 pages :
_b illustrations (color) ;
_c28 cm.
504 _aIncludes index.
650 _a1. Cookies.
650 _a2. Crackers.
942 _2ddc
_cBK-CIRC
_kCirc.
_n0
999 _c3455
_d3455